Aktiviti 5S : sisih, susuan, sapu, seragam dam sentiasa

Bibliographic Details
Main Author: ZULKIFLEY Mohamed
Format: Book
Published: Kuala Lumpur : Utusan Pub. , 2002
Subjects:

MARC

LEADER 00000cam a2200000 7i4500
001 0000002577
005 20111125.0
020 0 0 |a 9676113190 
090 0 0 |a R 658.4013   |b ZUL 2002 
100 0 0 |a ZULKIFLEY Mohamed 
245 1 0 |a Aktiviti 5S :   |b sisih, susuan, sapu, seragam dam sentiasa   |c Zulkifley Mohamed 
260 0 0 |a Kuala Lumpur :   |b Utusan Pub. ,   |c 2002 
300 |a v, 68 p. :   |b ill. ;   |c 22 cm. 
500 0 0 |a Included bibiliohgraphy : p. 64-65 and index 
650 0 0 |a Environmental quality 
650 0 0 |a Quality assurance 
650 0 0 |a Total quality management 
998 |a JPSM 
999 |a 0000004999   |b Monograph   |c Open Shelf   |e Default branch